000 00566nam a2200169 a 4500
008 120416s1981 ||||||||||||||||| || u
050 _aHC 905 Dut
100 _aDu Toit, D
245 1 0 _aCapital and labour in South Africa
246 _aclass struggle in the 1970s
260 _aLondon
_bRoutledge
_c1981
300 _axii, 495p.
350 _a0.00
650 _aLABOUR--ECONOMICS
650 0 _aECONOMICS
995 _D0.00
_FCBU-MAIN LIBRARY (Kitwe)
_H1
_I0.00
_M1
_UAVAILABLE
_ZMain Library Open Access Collection
999 _c36699
_d36699